| 000 | 00901nam a22002897a 4500 | ||
|---|---|---|---|
| 001 | 5473 | ||
| 003 | FISKH | ||
| 005 | 20250327090107.0 | ||
| 008 | 241210b cb ||||| |||| 00| 0 eng d | ||
| 020 | _a9780439800129 | ||
| 040 |
_aFISKH _beng _cFISKH _dFISKH |
||
| 050 | _aPZ7.W65535 | ||
| 082 | _a813.6 | ||
| 100 |
_aWillems, Mo _d(1968-) |
||
| 245 |
_aThe Pigeon finds a hot dog! / _cwords and pictures by mo willems |
||
| 250 | _aFirst printing in 2005 | ||
| 260 |
_aNew York : _bScholastic, _c2005. |
||
| 300 |
_a34 pages : _bcolor illustrations ; _c23 cm |
||
| 505 | _aG | ||
| 520 | _aPigeon learns about sharing when a curious duckling keeps asking questions about the hot dog Pigeon has found. | ||
| 521 | 8 |
_a411
_bLexile |
|
| 521 | 8 |
_aG
_bRaz-Plus |
|
| 650 |
_2Sharing _aFiction |
||
| 650 |
_2Animals _aPicture book |
||
| 700 |
_aWillems, Mo _dIllustrator |
||
| 942 |
_2ddc _cBK _n0 |
||
| 999 |
_c5473 _d5473 |
||